Southville International School and Colleges
Your cart is empty.
  • Cart
  • Lists
    Public lists list_1 View all
    Your lists Log in to create your own lists
  • Log in to your account
  • Your cookies
  • Search history
Southville International School and Colleges
  • Advanced search
  • Recent comments
  • Most popular
  • Libraries

Log in to your account

Log in with GOOGLE


If you do not have an external account, but do have a local account, you can still log in:

  1. Home
  2. MARC view: Taking sides :
Normal view MARC view ISBD view

Taking sides : (Record no. 359377)

[ view plain ]
MARC details
000 -LEADER
fixed length control field 00450nam a2200145Ia 4500
008 - FIXED-LENGTH DATA ELEMENTS--GENERAL INFORMATION
fixed length control field 181023s9999 xx 000 0 und d
020 ## - INTERNATIONAL STANDARD BOOK NUMBER
International Standard Book Number 9781259402791
100 ## - MAIN ENTRY--PERSONAL NAME
Personal name Vega Gina.
245 ## - TITLE STATEMENT
Statement of responsibility, etc Vega Gina.--
Title Taking sides :
Remainder of title clashing views in business ethics and society /
250 ## - EDITION STATEMENT
Edition statement 14th ed
260 ## - PUBLICATION, DISTRIBUTION, ETC. (IMPRINT)
Place of publication, distribution, etc New York :
Name of publisher, distributor, etc McGraw Hill
Date of publication, distribution, etc 2016
300 ## - PHYSICAL DESCRIPTION
Extent iii, 297 pages.
650 ## - SUBJECT ADDED ENTRY--TOPICAL TERM
Topical term or geographic name as entry element Business ethics.
650 ## - SUBJECT ADDED ENTRY--TOPICAL TERM
Topical term or geographic name as entry element Social responsibilitites of business.
Holdings
Withdrawn status Lost status Damaged status Home library Current library Shelving location Date acquired Source of acquisition Total Checkouts Full call number Barcode Date last seen Price effective from Koha item type
      College Library College Library Reserve Section 10/23/2018 Library Fund   HF 5387 .V42 2016 C21736 10/23/2018 10/23/2018 Books

Taking sides :

APA

Vega Gina, . (2016). Taking sides. New York: McGraw Hill.

Chicago

Vega Gina, . 2016. Taking sides. New York: McGraw Hill.

Harvard

Vega Gina, . (2016). Taking sides. New York: McGraw Hill.

MLA

Vega Gina, . Taking sides. New York: McGraw Hill. 2016.

  • Place hold
  • Print
  • Cite
  • Add to your cart (remove)
  • Save record
    BIBTEX Dublin Core MARCXML MARC (non-Unicode/MARC-8) MARC (Unicode/UTF-8) MARC (Unicode/UTF-8, Standard) MODS (XML) RIS
  • More searches
    Search for this title in:
    Other Libraries (WorldCat) Other Databases (Google Scholar) Online Stores (Bookfinder.com) Open Library (openlibrary.org)

Exporting to Dublin Core...

SOUTHVILLE LIBRARY

Southville International School and Colleges Library

1281 Tropical Ave. Cor. Luxembourg St., BF Homes International, Las Pinas City

Tel. No. 8256374 / 252358 Loc. 117/146

Powered by Koha